[Event "GER-chT School WK Girls"]
[Site "Playchess.com INT"]
[Date "2020.06.17"]
[Round "5.2"]
[White "Gonzales, Ariadne"]
[Black "Fritsch, Lea"]
[Result "0-1"]
[WhiteElo "1749"]
[BlackElo "1620"]
[PlyCount "76"]
[EventDate "2020.06.10"]
[EventType "team-swiss (blitz)"]
[EventRounds "7"]
[EventCountry "GER"]
[SourceTitle "EXT 2021"]
[Source "ChessBase"]
[SourceDate "2020.10.23"]
[SourceVersion "1"]
[SourceVersionDate "2020.10.23"]
[SourceQuality "1"]
[WhiteTeam "Bad Hersfeld Oberb"]
[BlackTeam "Halle Cantor Gymn"]
[WhiteTeamCountry "GER"]
[BlackTeamCountry "GER"]

1. e4 c5 2. d4 cxd4 3. Qxd4 Nc6 4. Qd3 Nf6 5. Nc3 g6 6. Nf3 Bg7 7. Bf4 d6 8. Be2 0-0 9. 0-0 Bd7 10. Qe3 Rc8 11. Rad1 a6 12. e5 dxe5 13. Nxe5 Nxe5 14. Bxe5 Qe8 15. h3 Bc6 16. Rd2 Rd8 17. Rfd1 Rxd2 18. Rxd2 Qc8 19. Qf4 Rd8 20. Rxd8+ Qxd8 21. g4 Nd5 22. Nxd5 Qxd5 23. Bf3 Qxf3 24. Qxf3 Bxf3 25. Bf4 Bxb2 26. Kf1 Be4 27. c4 Bd3+ 28. Ke1 Bxc4 29. a4 Bb3 30. Ke2 Bxa4 31. Kf3 Bc6+ 32. Kg3 b5 33. Bd2 Be5+ 34. Kh4 a5 35. Bxa5 f6 36. Bb4 g5+ 37. Kh5 Kg7 38. Bxe7 Be8# 0-1

[Event "GER-chT School WK Girls"]
[Site "Playchess.com INT"]
[Date "2020.06.17"]
[Round "6.2"]
[White "Kawaletz, Hanna"]
[Black "Gonzales, Ariadne"]
[Result "1-0"]
[WhiteElo "1550"]
[BlackElo "1749"]
[PlyCount "77"]
[EventDate "2020.06.10"]
[EventType "team-swiss (blitz)"]
[EventRounds "7"]
[EventCountry "GER"]
[SourceTitle "EXT 2021"]
[Source "ChessBase"]
[SourceDate "2020.10.23"]
[SourceVersion "1"]
[SourceVersionDate "2020.10.23"]
[SourceQuality "1"]
[WhiteTeam "Freiburg St Ursela Gymn"]
[BlackTeam "Bad Hersfeld Oberb"]
[WhiteTeamCountry "GER"]
[BlackTeamCountry "GER"]

1. d4 Nc6 2. Nc3 Nf6 3. e4 d6 4. Nf3 e5 5. dxe5 dxe5 6. Qxd8+ Kxd8 7. Bg5 Be7 8. Bb5 Bd7 9. Rd1 h6 10. Bxf6 Bxf6 11. Bxc6 bxc6 12. 0-0 Ke8 13. Rfe1 Rb8 14. b3 Rb6 15. Na4 Rb4 16. Nc5 Bg4 17. Nd3 Rb6 18. Rd2 Ke7 19. Nfxe5 Bxe5 20. Nxe5 Be6 21. c4 f6 22. Ng6+ Kf7 23. Nxh8+ Ke7 24. Ng6+ Kf7 25. Nf4 Rb8 26. Nxe6 Kxe6 27. Red1 Ke5 28. Rd7 Rc8 29. Rxg7 Kxe4 30. Rg6 Ke5 31. Re1+ Kf5 32. Rxh6 Rd8 33. Rh7 Rc8 34. g3 Kg4 35. Ree7 Rd8 36. h3+ Kf3 37. Kf1 Rd1+ 38. Re1 Rd2 39. Re3# 1-0